000 00384nam a22001337a 4500
082 _a813.4
_bALC
100 _a Alcott, Louisa May
245 _aLittle men : life at Plumfield with Jo's boys/
_cLouisa May Alcott,
260 _aEngland,
_bPuffin Books;
_c1994.
300 _a368p.
563 _aP.B
650 _aFamilies
_aBoarding schools
_aOrphans
_9114481
942 _2ddc
_cBK
999 _c595828
_d595828